Por siempre mía / (Registro nro. 3290)

Detalles MARC
000 -LEADER
fixed length control field 01372nam a2200193 a 4500
008 - CAMPO DE CONTROL (LIBRO)
fixed length control field 161215t1999 sp |||g |||| 001 f spa d
020 ## - INTERNATIONAL STANDARD BOOK NUMBER
ISBN 840101218X
041 ## - CODIGO DE IDIOMA
Código de idioma del texto/pista de sonido o título separado spa
092 ## - SIGNATURA TOPOGRAFICA DEWEY LOCAL
número de clasificación 808
libristica 34
sección HIG
100 1# - ENTRADA PRINCIPAL--NOMBRE PERSONAL
Nombre personal Higgins Clark, Mary.
9 (RLIN) 4338
245 ## - TITULO PROPIAMENTE DICHO
Título Por siempre mía /
Mención de responsabilidad y remanente de la transcripción de la portada Mary Higgins Clark
250 ## - MENCION DE EDICION
Mención de edición 1a ed.
Mención de responsabilidad relacionada con la ed. Traducción Silvia Komet
260 ## - PIE DE IMPRENTA
Lugar de publicación, distribución, etc Barcelona:
Nombre de la editorial, distribuidor, etc Plaza & Janes;
Fecha de publicación 1999.
300 ## - DESCRIPCION FISICA
Extension 258 p.
500 ## - NOTA GENERAL
Nota general Higgins Clark, M. (1999). Por siempre mía. (1a ed.). Barcelona : Plaza & Janes.
505 ## - NOTA DE CONTENIDO
Nota de contenido formateada Una serie de mujeres desaparecidas en extrañas circunstancias tienen un elemento en común: todas han recibido, de un admirador misterioso, un anillo con las palabras por siempre mía grabadas en su interior. La psicóloga Susan Chandler entrevista en su programa de televisión al autor del libro sobre mujeres desaparecidas y a partir de entonces una serie de cabos sueltos van perfilando una terrible sospecha: ¿acaso se trata de un asesino en serie? Sin embargo, lo que la doctora Susan ignora es que el psicópata se encuentra mucho más cerca de lo que cree, precisamente entre sus numerosos admiradores, y que no está dispuesta a permitir que nadie estropee sus macabros designios... Una nueva y sobrecogedora novela de la reina de la intriga, que atrapa al lector desde la primera página.
655 ## - MATERIA - GENERO/FORMA
Género/Forma Novela
-- 3091
942 ## - ADDED ENTRY ELEMENTS (KOHA)
Source of classification or shelving scheme Dewey Decimal Classification
Item type LITERATURA
Existencias
Estado de retiro Existencia Fuente de clasificación Estado general No para prestamo Ubicación permanente ubicación actual Sala de ubicación Fecha de adquisición Fuente de adquisición Total Checkouts Número de clasificación Código de barras Date last seen Número de ejemplar Price effective from Koha tipo de elemento (item) Public note Coded location qualifier
    Dewey Decimal Classification     Biblioteca Medicina Biblioteca Medicina Circulación 25/07/2025 Donación Navarro, Adriana. Julio 2025   808 34 HIG 5065 25/07/2025 Ej. 1 25/07/2025 LITERATURA Donación Navarro, Adriana. Julio 2025. Sede Tordos.  

UNIVERSIDAD NACIONAL DEL COMAHUE
Biblioteca de la Facultad de Ciencias Médicas
Sede Toschi: Los Arrayanes y Av. Toschi, Cipolletti  - Rio Negro
Sede Los Tordos:  Yrigoyen al 2211, Cipolletti - Rio Negro 

Teléfono: 0299 - 4774707 int 25
Contacto: biblioteca@facimed.uncoma.edu.ar
© 2011 - 2026